Une lettre suffit pour répondre juste #58 (attention 10 lettres tuent) - Statistiques

Statistiques générales
  • Ce quiz a été pris 92 fois
  • Le résultat moyen est 3 sur 6
Statistiques - réponses
Hint Réponse % Correct
Donne une des 5 lettres du nom de la boisson alcoolisée correspondant aux leaders de son marché ci-dessous :Smirnoff, Absolut, Grey Goose et Poliakov : VODKA
100%
Donne une des 4 lettres qui complète le nom de ce film de 2018 avec Clint Eastwood : La _ _ _ _
MULE
65%
Donne une des 3 lettres de l'abréviation de la ville (pour éviter la confusion avec l'État) dont le surnom le plus connu est The Big Apple NYC
61%
Donne une des 2 lettres du sigle du mouvement social et politique international et spontané, apparu en France en octobre 2018 GJ (Gilets Jaunes)
29%
Donne la lettre qui complète le slogan d'une des chaînes de la TNT active en 2025 :" On a tous une bonne raison d'aimer ?9 " W
21%
Donne la lettre qui se répète trois fois pour former le nom raccourci du groupe français de rock fusion dont voici des membres : ??? Marco Prince Nicolas « Niktus » Baby Yarol Poupaud Krichou Monthieux Romain Caillard F (FFF / Fédération française de fonck)
3%
Aucun quiz correspondant
Distribution des résultats
% des personnes avec chaque résultat
Percentile par nombre de réponses
Votre historique - résultats
Vous n’avez pas pris ce quiz